000 00571nam a2200205Ia 4500
005 20250923150025.0
008 008 250917s9999 xx 000 0 eng d
037 _aTextual
040 _aDSWL
_beng
_cDSWL
041 _aeng
_2eng
084 _aX:99c, N99
_qDSWL
100 _aMishra, L.
_9841394
245 0 _aUnorganized labour : Deprivation and emancipation
_c by L. Mishra
260 _aNew Delhi
_bManak Pubs.
_c1999
300 _a171 p.
365 _aINR
_b275.00
925 _g275.00
942 _cTEXL
_hX:99c, N99
999 _c1458633
_d1458633